[Event "Budapest Spring Festival 2018"]
[Site "Budapest"]
[Date "2018.04.25"]
[Round "8"]
[White "Costachi, Mihnea"]
[Black "Polyik, Peter"]
[Result "1/2-1/2"]
[WhiteElo "2462"]
[BlackElo "2345"]
[Annotator "TA"]
[PlyCount "103"]
[EventDate "2018.??.??"]
[EventType "swiss"]
[EventCountry "HUN"]
[SourceTitle "playchess.com"]
[Source "ChessBase"]
[SourceQuality "1"]

{[%evp 19,103,22,22,24,27,18,31,0,55,64,100,-6,16,5,20,-3,1,0,13,-7,0,0,5,-8,-8,-31,-31,-29,-26,-58,-33,-39,-35,-73,0,0,0,0,0,0,0,0,17,17,17,17,20,19,47,50,74,71,124,65,128,0,0,0,72,37,82,59,42,33,31,20,58,54,48,0,39,0,0,0,17,0,0,0,0,0,0,0,0,0,0,0]} 1. d4 d5 2. Bf4 Nf6 3. e3 c5 4. c3 Nc6 5. Nd2 g6 (5... Bf5 6. Ngf3 e6 7. Be2 Bd6 8. dxc5 Bxc5 9. Nd4 Bg6 10. Qa4 O-O 11. Nxc6 bxc6 12. Qxc6 Rc8 13. Qa4 Re8 14. O-O e5 {0-1 (57) Le,Q (2737)-Ding,L (2777) Riadh 2017}) 6. h3 {D00: 1 d4 d5: Unusual lines} Bg7 7. Ngf3 O-O 8. Be2 Nd7 9. O-O e5 10. dxe5 Ndxe5 {LiveBook: 21 Games} 11. Nxe5 Nxe5 12. Nf3 Nc6 13. Qa4 h6 $146 (13... Qb6 $11) ({Predecessor:} 13... Qe7 14. Rad1 Be6 15. Ng5 Rad8 16. Nxe6 fxe6 {0-1 (103) Kaczorowska,B (2200)-Brustman,A (2320) Brzeg Dolny 1996}) 14. Rad1 $14 Qb6 15. b4 ({White should play} 15. Rxd5 $16 {Strongly threatening Qb5.} Qxb2 16. Bc4) 15... Rd8 {[%cal Rc5b4]} 16. b5 Ne7 17. Be5 Bxe5 18. Nxe5 Qf6 19. Qf4 Qxf4 20. exf4 Be6 21. Rd2 f6 22. Nf3 Bf7 23. g4 Kg7 24. Rfd1 Re8 25. Ne1 Nc8 26. Bf3 Nd6 (26... Nb6 $17) 27. Bxd5 $11 Nxb5 28. Bxf7 Kxf7 29. Rb1 b6 30. Rd7+ Kg8 31. Rxb5 {[#] Black must now prevent Rb1.} Rxe1+ {[%mdl 4096] Endgame KRR-KRR} 32. Kg2 Kf8 33. a4 {[%cal Ba2a4,Ba4a5][%mdl 32]} Re7 34. Rd6 Kf7 35. a5 Rb7 (35... Rb8 $142) 36. Kf3 ({Don't play} 36. axb6 $6 axb6 37. Rdxb6 (37. Rbxb6 Rxb6 38. Rxb6 Ra3 $11) 37... Rxb6 $11) ({Better is} 36. Rc6 $16) 36... Rab8 (36... Rc8 $14) 37. Ke3 ({White should try} 37. Rc6 $16) 37... Re8+ 38. Kf3 {[%cal Ra5b6]} Re6 (38... Reb8 $1 $11) 39. Rd8 Re1 40. Rc8 Ree7 41. h4 Red7 42. Kg2 Re7 43. Kg3 Red7 44. Kg2 Re7 45. h5 gxh5 {The position is equal.} 46. gxh5 Red7 47. c4 Ke6 48. Kf3 Kf5 49. Ke3 Re7+ 50. Kf3 Red7 51. Ke3 Re7+ 52. Kf3 {Precision: White = 43%, Black = 50%.} 1/2-1/2

[Event "Budapest Spring Festival 2018"]
[Site "Budapest"]
[Date "2018.04.25"]
[Round "8"]
[White "Astaneh Lopez, Alex"]
[Black "Sarkar, Justin"]
[Result "1/2-1/2"]
[WhiteElo "2442"]
[BlackElo "2326"]
[Annotator "TA"]
[PlyCount "95"]
[EventDate "2018.??.??"]
[EventType "swiss"]
[EventCountry "HUN"]
[SourceTitle "playchess.com"]
[Source "ChessBase"]
[SourceQuality "1"]

{[%evp 20,95,56,45,51,51,57,37,38,25,37,24,35,18,37,12,16,-18,0,0,0,-14,-11,-70,-65,-60,-64,-54,-65,-46,-52,-104,-52,-53,14,9,23,0,0,0,39,-8,-8,-14,0,-8,-15,-7,-6,-47,-41,-83,-78,-141,-113,-107,-62,-60,-62,-74,-85,-65,-70,-70,-71,-71,-57,-52,-8,-8,-8,-38,0,0,0,0,0,0]} 1. b3 Nf6 2. Bb2 g6 3. Nf3 Bg7 4. g3 O-O 5. Bg2 d6 6. d4 e5 7. dxe5 Ng4 8. Qc1 Nxe5 9. O-O Nbc6 10. Nxe5 {A49: 1 d4 Nf6 2 Nf3 g6 3 g3: Anti-King's Indian systems} dxe5 (10... Nxe5 11. c4 Re8 12. Nc3 Rb8 13. Qd2 a6 14. Rad1 Be6 15. f4 Ng4 16. h3 Nf6 17. e4 b5 18. f5 Bd7 19. g4 bxc4 20. fxg6 hxg6 {0-1 (58) Mamedov,R (2709)-McShane,L (2647) Batumi 2018}) 11. Nc3 {LiveBook: 5 Games} Bf5 12. Rd1 {White is slightly better.} Qc8 13. Nd5 Re8 14. e4 $146 ({Predecessor:} 14. e3 Ne7 15. Nxe7+ Rxe7 16. e4 Be6 17. Rd3 Rd7 18. Qd2 Rxd3 19. Qxd3 Qe8 20. Rd1 Bf6 21. Qc3 Rd8 22. Rd3 Rxd3 23. cxd3 Qb5 {½-½ (23) Szymanski,M (2304)-Stryjecki,M (2397) Straszecin 1999}) 14... Bg4 15. f3 Be6 16. c3 Ne7 17. Ne3 f5 18. Qd2 fxe4 19. fxe4 a5 {[%cal Ba7a5,Ba5a4,Ba4a3][%mdl 32]} 20. Nd5 a4 21. b4 (21. Ba3 $11 Nxd5 22. exd5) 21... a3 $15 22. Bc1 Nxd5 23. exd5 Bf5 24. Qe3 e4 25. Bd2 {[#]} (25. Qc5 $15) 25... Qd7 ({Black should try} 25... c6 $1 $17 26. Be1 Qd7 27. dxc6 Qxc6) 26. c4 $1 b5 (26... Bxa1 $15 27. Rxa1 h5) 27. Bc3 $11 bxc4 28. Rac1 Bxc3 29. Rxc3 Qa4 30. Rd4 Qxb4 {[#] And now ...Qb1+ would win.} 31. Bf1 Rf8 32. Rdxc4 Qb1 $36 {[%mdl 2048] ( -> ...Bh3). Black is pushing.} 33. Rc1 Qb6 34. Rc5 Ra5 35. h3 Rxc5 36. Rxc5 ({White should play} 36. Qxc5 Qb2 37. Qc4) 36... Bd7 {Threatens to win with ...Rf3.} 37. Bg2 Rf5 {Hoping for ...Rxd5!} 38. Qxa3 Re5 39. Qa5 Qxa5 40. Rxa5 $17 {[%mdl 4096] Endgame KRB-KRB} e3 $1 {[%cal Re3e2] aiming for ...e2.} 41. Kf1 Rf5+ $1 42. Ke1 Rf2 43. Bf1 Kf8 44. Ra3 Rf3 45. g4 Ke7 46. Ke2 {The position is equal.} Rf2+ 47. Ke1 Rf3 48. Ke2 {Precision: White = 41%, Black = 56%.} 1/2-1/2

[Event "Budapest Spring Festival 2018"]
[Site "Budapest"]
[Date "2018.04.25"]
[Round "8"]
[White "Kozak, Adam"]
[Black "Banusz, Tamas"]
[Result "1/2-1/2"]
[WhiteElo "2440"]
[BlackElo "2617"]
[Annotator "TA"]
[PlyCount "89"]
[EventDate "2018.??.??"]
[EventType "swiss"]
[EventCountry "HUN"]
[SourceTitle "playchess.com"]
[Source "ChessBase"]
[SourceQuality "1"]

{[%evp 15,89,11,6,5,35,27,25,31,90,76,73,82,77,84,135,141,139,43,50,0,147,0,97,52,97,90,101,53,104,108,120,120,130,117,132,106,124,105,72,42,37,54,58,38,38,0,0,0,0,0,0,-13,14,0,0,0,0,0,0,0,0,0,0,0,0,0,0,0,0,0,0,0,0,0,0,0]} 1. Nf3 d5 2. g3 g6 3. Bg2 Bg7 4. d4 Nd7 (4... Nf6 5. O-O O-O 6. c4 c6 7. Qb3 Qb6 8. Nc3 Bf5 9. Ne5 Be6 10. Qd1 dxc4 11. Na4 Qd8 12. Nc5 Qc8 13. Qc2 Bh3 14. Qxc4 Bxg2 15. Kxg2 Nbd7 16. Ncd3 Nxe5 17. dxe5 Nd5 {1-0 (36) Nakamura,H (2787)-Kramnik,V (2800) Moscow 2018}) 5. O-O Ngf6 6. c4 {D02: 1 d4 d5 2 Nf3 sidelines, including 2...Nf6 3 g3 and 2...Nf6 3 Bf4} dxc4 7. Qc2 c6 8. Nbd2 Nb6 {LiveBook: 3 Games} 9. e4 O-O 10. a4 a5 11. b3 e5 $146 (11... cxb3 $14 12. Nxb3 Bg4) ({Predecessor:} 11... cxb3 12. Nxb3 {½-½ (28) Nyvlt,Z (2415)-Martin Molinero,R (2393) ICCF email 2012}) 12. Nxe5 $16 Qxd4 13. Bb2 c3 14. Bxc3 Qc5 (14... Qd8 $142) 15. Nd3 Qh5 16. Nf4 (16. Rfe1 $16) 16... Qc5 $14 17. Nd3 (17. Qb2 $14 Nh5 18. Rfc1 Nxf4 19. Bxg7 (19. gxf4 Bxc3 20. Rxc3 Qd4 $11) 19... Ne2+ 20. Kh1 Nxc1 21. Bh6 (21. Rxc1 Qd6 $14)) 17... Qh5 $16 18. Nf4 (18. Nf3 $16) 18... Qh6 (18... Qc5 $11 {remains equal.}) 19. h4 Nfd7 20. Rfe1 Re8 21. Nd3 {[%cal Bf4d3,Bd3f2,Bf2g4,Bg4f6][%mdl 32]} Nf8 (21... Ne5 $14) 22. e5 Nd5 23. Nc4 Nxc3 24. Qxc3 Ne6 25. f4 Rd8 26. Nf2 Bf8 27. Ng4 Bc5+ 28. Kh2 Qf8 $1 29. Nf6+ ({But not} 29. Nxa5 $2 Bd4 $19) 29... Kh8 30. Qc2 Nd4 {The position is equal.} 31. Qb2 Be6 32. Rad1 Nf5 33. Qe2 Rac8 34. Rxd8 Rxd8 35. Rd1 Bb4 36. Ne4 b5 37. Rxd8 Qxd8 38. axb5 cxb5 39. Ncd6 $1 Qb6 40. Nxf5 Bxf5 41. Ng5 Kg7 42. e6 Bxe6 43. Qe5+ Kg8 44. Nxe6 Qxe6 45. Qxe6 {Precision: White = 67%, Black = 71%.} 1/2-1/2

[Event "Budapest Spring Festival 2018"]
[Site "Budapest"]
[Date "2018.04.25"]
[Round "8"]
[White "Tomazini, Zan"]
[Black "Szeberenyi, Adam"]
[Result "1-0"]
[WhiteElo "2424"]
[BlackElo "2366"]
[Annotator "TA"]
[PlyCount "55"]
[EventDate "2018.??.??"]
[EventType "swiss"]
[EventCountry "HUN"]
[SourceTitle "playchess.com"]
[Source "ChessBase"]
[SourceQuality "1"]

{[%evp 19,55,0,0,-4,30,20,18,18,19,27,94,93,77,66,66,75,91,77,117,123,225,229,1266,1253,1238,1229,1180,1170,29988,537,452,247,690,680,727,684,29994,29995]} 1. e4 {[%cal Be2e4,Be4e5][%mdl 32]} c5 2. c3 Nf6 3. e5 Nd5 4. d4 cxd4 5. Nf3 d6 6. Bc4 dxe5 7. Nxe5 e6 8. cxd4 Nc6 {[%cal Bb8c6,Bc6e7,Be7g6][%mdl 32]} 9. O-O Bd6 {B22: Sicilian: 2 c3} 10. Qh5 O-O {LiveBook: 3 Games} 11. Rd1 Nce7 $146 {The position is equal.} ({Predecessor:} 11... Qc7 12. Bxd5 exd5 13. Nc3 Bxe5 14. Nxd5 Bxh2+ 15. Qxh2 Qxh2+ 16. Kxh2 Bf5 17. Ne3 {½-½ (29) Tomazini,Z (2416)-Istratescu,A (2595) Graz 2018}) 12. Nc3 Nxc3 13. bxc3 Ng6 14. f4 Qc7 {[#]} (14... Ne7 $11 {keeps the balance.}) 15. Rd3 $1 $16 Rd8 {next ...Bxe5 is good for Black.} 16. Rh3 Nf8 $1 17. Bb3 b6 18. Bd2 Bb7 19. Re1 g6 ({Don't blunder} 19... Bxe5 $2 20. fxe5 Qc6 21. Re2 $18) (19... Bd5 $16 {is a better defense.}) 20. Qh6 $18 {f5! is the strong threat.} Rac8 $2 {[#]} (20... Re8 21. Ng4 f5) 21. f5 $1 {[%mdl 512] f6 would kill now.} Bxe5 (21... exf5 22. Nxg6) 22. Rxe5 ({Stronger than} 22. dxe5 Qc5+ 23. Be3 Qxc3 $17) 22... exf5 23. Bg5 {Threatening mate with Bf6.} Qc6 24. Rg3 (24. Bxf7+ $142 Kh8 {[#]} 25. Bd5 $1 {[%mdl 512]} Rd7 26. Re7 Rxe7 27. Bxe7 a5 28. Bxc6 Kg8 29. Bxb7) 24... Re8 {aiming for ...Rxe5.} 25. Bd5 $40 {[%mdl 128] White goes for the king.} (25. Be7 $142) 25... Qa4 $2 (25... Qd6 26. Bxb7 Rxe5 27. Bxc8 Re1+ 28. Kf2 Ra1) 26. h4 {White wants to mate with Bf6.} ({Not} 26. Bxb7 Qd1+ 27. Kf2 Rxe5 $14) 26... Qd1+ 27. Kh2 {White threatens Bf6 and mate.} Nd7 {[#] Hoping for ...Bxd5.} 28. Bxf7+ $1 {[%mdl 512] Precision: White = 70%, Black = 40%.} 1-0

[Event "Budapest Spring Festival 2018"]
[Site "Budapest"]
[Date "2018.04.25"]
[Round "8"]
[White "Bakalchuk, Johnatan"]
[Black "Szalanczy, Emil"]
[Result "1-0"]
[WhiteElo "2410"]
[BlackElo "2217"]
[Annotator "TA"]
[PlyCount "79"]
[EventDate "2018.??.??"]
[EventType "swiss"]
[EventCountry "HUN"]
[SourceTitle "playchess.com"]
[Source "ChessBase"]
[SourceQuality "1"]

{[%evp 12,79,61,70,102,90,115,106,123,67,76,74,79,67,82,70,82,72,102,83,205,172,225,160,144,147,158,164,290,294,390,383,433,431,424,425,440,419,375,137,152,145,137,136,367,362,362,343,329,328,636,537,612,637,897,886,1430,1379,2024,1940,29977,7999,29978,29979,29976,29975,29987,29988,29988,12838]} 1. d4 Nf6 2. Bf4 g6 3. Nc3 Bg7 4. e4 O-O 5. Qd2 d6 6. O-O-O Nc6 {B07: Pirc Defence: Miscellaneous Systems} 7. f3 {LiveBook: 3 Games} Nh5 8. Bh6 e5 {White is better.} 9. Bxg7 $146 ({Predecessor:} 9. Nge2 Bxh6 10. Qxh6 exd4 11. Nxd4 Nxd4 12. Rxd4 Bd7 13. g4 Nf6 14. h4 Qe7 15. h5 Be6 16. Rd2 Kh8 17. Qe3 Kg8 18. Rdh2 Rad8 19. Qh6 c6 20. Bd3 Kh8 21. e5 {1-0 (21) Wei,Y (2728)-Wan,Y (2482) Beijing 2017}) 9... Kxg7 10. dxe5 (10. Nge2 $16) 10... dxe5 $14 11. Qe3 Nd4 12. Nge2 {aiming for g4.} c5 13. g4 {[%cal Bg2g4,Bg4g5][%mdl 32]} Nf6 14. h4 Be6 15. h5 Rh8 (15... Kh8 $16) 16. h6+ $18 Kf8 (16... Kg8 {is a better defense.}) 17. Ng3 Qa5 18. g5 Nd7 {[#]} 19. Kb1 $1 Re8 (19... b5 $142) 20. f4 exf4 21. Qxf4 Ke7 22. Nd5+ Bxd5 23. exd5 Kd8 24. c3 Nb5 25. Bh3 $2 ({Much less strong is} 25. Bxb5 Qxb5 26. Ne4 (26. Qxf7 Rhf8 $11) 26... Qb6 $18) (25. d6 $18) 25... Qb6 $16 {[#]} 26. Ka1 $1 {Black must now prevent d6.} (26. Qxf7 Nxc3+ 27. Ka1 Re7 $15) 26... Nd6 27. Rhe1 $40 {[%mdl 128] White goes for the king.} c4 $2 (27... Rhf8 $16 28. Ne4 Rxe4 29. Rxe4 Nxe4) 28. Bxd7 $18 Kxd7 29. Ne4 Rxe4 30. Rxe4 Qc5 $2 (30... Nxe4 31. Qxe4 Qd6 32. Qxc4 f5 33. gxf6 Rf8 34. Qa4+ Kc7 35. Qxa7 Rxf6) 31. Re2 Rd8 32. Qf6 Kc7 33. Qg7 Rd7 34. Qxh7 Nf5 35. Qg8 Ne3 {[#]} 36. Rxe3 $1 Qxe3 37. h7 {White mates.} Qf3 38. Rb1 Rxd5 39. h8=Q Rd1 {[#]} 40. Qxf7+ $3 {[%mdl 512] Precision: White = 86%, Black = 32%.} 1-0

[Event "Budapest Spring Festival 2018"]
[Site "Budapest"]
[Date "2018.04.25"]
[Round "8"]
[White "Popov, Mikhail"]
[Black "Zentai, Peter"]
[Result "1-0"]
[WhiteElo "2403"]
[BlackElo "2304"]
[Annotator "TA"]
[PlyCount "67"]
[EventDate "2018.??.??"]
[EventType "swiss"]
[EventCountry "HUN"]
[SourceTitle "playchess.com"]
[Source "ChessBase"]
[SourceQuality "1"]

{[%evp 19,67,9,25,-29,-14,-7,-7,-14,-9,-9,-9,-9,72,54,99,86,104,0,0,0,0,0,0,0,0,-4,-6,-74,-69,-80,-75,-83,0,0,0,0,0,0,1132,1125,1081,1053,29985,29986,29986,29987,29990,29991,29991,29992]} 1. c4 c6 2. Nf3 d5 3. g3 Nf6 4. Bg2 dxc4 5. O-O Nbd7 6. Qc2 Nb6 7. Na3 {[%cal Bb1a3,Ba3c4,Bc4e5][%mdl 32]} Be6 {A11: English Opening: 1...c6} 8. Ng5 Bg4 9. Nxc4 Bxe2 10. Ne5 Bh5 $1 {LiveBook: 31 Games} 11. a4 $146 (11. Re1 $142 $1) ({Predecessor:} 11. b4 e6 12. b5 Bd6 13. Bb2 Bxe5 14. Bxe5 Bg6 15. Qb3 {½-½ (25) Nepomniachtchi,I (2751)-Karjakin,S (2763) Moscow 2018}) 11... Nbd7 12. d4 e6 13. a5 $1 {[%cal Ra5a6]} Nxe5 14. dxe5 Nd5 15. a6 Qd7 (15... Bg6 $11 16. Qc4 Qd7) 16. Nxh7 $16 Be7 {Hoping for ...Nb4.} 17. axb7 Qxb7 {[#] And now ...Nb4 would win.} 18. Ng5 (18. Be4 $1 $16) 18... Bg6 $11 19. Be4 Bxg5 20. Bxg5 Bxe4 21. Qxe4 O-O 22. Ra4 Rfb8 23. Qg4 (23. Rb1 $11 {remains equal.}) 23... Qxb2 $17 24. Rd4 {With the idea Bf6.} Qc2 25. Re4 {[#] Strongly threatening Bf6.} Qc5 (25... Rb1 $17 26. Bf6 g6 27. Rxb1 Qxb1+ 28. Kg2 a5) 26. Rc1 $40 {[%cal Bf1c1,Bc1c4,Bc4d4,Bd4d7][%mdl 160] Black needs to defend precisely.} Qf8 27. Rcc4 a5 28. Qh3 f5 $2 {[%mdl 8192]} (28... g6 $11) 29. exf6 $18 Nxf6 30. Rh4 Qd6 31. Rcd4 {White mates.} Qe5 32. Bxf6 Qxf6 33. Rh8+ Kf7 34. Rd7+ {Precision: White = 76%, Black = 49%.} 1-0

[Event "Budapest Spring Festival 2018"]
[Site "Budapest"]
[Date "2018.04.25"]
[Round "8"]
[White "Drazic, Sinisa"]
[Black "Sedlak, Nikola"]
[Result "0-1"]
[WhiteElo "2394"]
[BlackElo "2604"]
[Annotator "TA"]
[PlyCount "54"]
[EventDate "2018.??.??"]
[EventType "swiss"]
[EventCountry "HUN"]
[SourceTitle "playchess.com"]
[Source "ChessBase"]
[SourceQuality "1"]

{[%evp 9,54,-73,-60,-64,-58,-95,-87,-81,-56,-156,-148,-151,-162,-158,-159,-216,-220,-281,-255,-338,-334,-368,-365,-491,-483,-475,-491,-495,-481,-477,-468,-487,-471,-575,-557,-576,-575,-579,-580,-558,-558,-596,-580,-573,-562,-2004,-1988]} 1. d4 Nf6 2. c4 g6 3. Nc3 d5 4. g4 c5 (4... Bxg4 5. Qb3 Bc8 6. cxd5 c6 7. dxc6 Nxc6 8. d5 Na5 9. Qd1 Bg7 10. e4 O-O 11. Be3 Bd7 12. f3 {½-½ (68) Bersamina,P (2361)-Laylo,D (2484) Manila 2015}) 5. g5 cxd4 6. gxf6 $146 {D80: Grünfeld: Unusual White 4th moves and 4 Bg5} ({Predecessor:} 6. Nb5 dxc4 7. Nxd4 e5 8. Qa4+ Bd7 9. Qxc4 Ne4 10. Bg2 Nd6 11. Qd5 Qe7 12. Ndf3 {0-1 (36) Moravcik,R-Matthey,H (2340) Sala 1994}) 6... dxc3 {[%cal Bd4c3,Bc3c2][%mdl 32]} 7. Qxd5 Qxd5 8. cxd5 {Black is better.} Nd7 {[%cal Bb8d7,Bd7c5,Bc5a4][%mdl 32]} (8... exf6 9. bxc3 Bd7 10. e4 $11) 9. fxe7 (9. bxc3 $15 Nxf6 10. c4) 9... Bg7 $17 ({Inferior is} 9... Bxe7 10. bxc3 O-O 11. Bg2 $11) 10. Rb1 {With the idea bxc3.} c2 $36 {[%mdl 3072] Black has strong compensation. Black is really pushing.} ({Reject} 10... Kxe7 $6 11. bxc3 Bxc3+ 12. Kd1 $11) 11. Ra1 Nc5 12. d6 (12. f3 $17) 12... Bd7 $19 13. Bh3 Rc8 14. Bxd7+ Kxd7 15. Nh3 Na4 16. a3 Nc5 {Black is clearly winning.} ({Less strong is} 16... Kxd6 17. Ra2 $19) 17. Ra2 Nb3 18. O-O Kxd6 19. Nf4 Kxe7 20. Nd3 Rhd8 21. a4 Rxd3 22. exd3 Nxc1 23. Rxc1 {[#] KRR-KRB} Bh6 $1 {[%cal Rh6c1]} 24. Raa1 Kd6 25. Kf1 Kd5 26. Ke2 Kd4 27. a5 {If only White now had time for Ra4+....} Re8+ {Precision: White = 36%, Black = 100%.} 0-1

[Event "Budapest Spring Festival 2018"]
[Site "Budapest"]
[Date "2018.04.25"]
[Round "8"]
[White "Kulkarni, Rakesh"]
[Black "Nguyen, Thai Dai Van"]
[Result "0-1"]
[WhiteElo "2390"]
[BlackElo "2539"]
[Annotator "TA"]
[PlyCount "52"]
[EventDate "2018.??.??"]
[EventType "swiss"]
[EventCountry "HUN"]
[SourceTitle "playchess.com"]
[Source "ChessBase"]
[SourceQuality "1"]

{[%evp 19,52,0,0,0,0,-37,-14,-56,-40,-41,-33,-53,-43,-42,-37,-107,-105,-104,-104,-110,-98,-98,-96,-91,-104,-98,-86,-600,-607,-1933,-1850,-29995,-29996,-29996,-1695]} 1. e4 e6 2. d4 d5 3. Bd3 dxe4 4. Bxe4 Nf6 5. Bf3 c5 6. Ne2 Nc6 {C01: French: Exchange Variation} 7. Be3 cxd4 (7... Nd5 8. Bxd5 Qxd5 9. Nbc3 Qxg2 10. Rg1 Qf3 11. Nb5 Rb8 12. dxc5 Bd7 13. Nc7+ Kd8 14. Nb5 {0-1 (54) Kramnik,V (2808)-Caruana,F (2808) Stavanger 2017}) 8. Nxd4 Ne5 9. Nc3 a6 10. Qe2 Nxf3+ {LiveBook: 4 Games} 11. Qxf3 e5 12. Nf5 Qa5 $146 {Threatens to win with ...e4.} ({Predecessor:} 12... Qd7 13. Ng3 Bb4 14. Bd2 {0-1 (42) Campos Olaya,I (2162)-Jordan Martinez,M (2193) Masdenverge 2016}) 13. g4 Bxf5 14. Qxf5 {[#]} Ba3 $1 {[%mdl 512]} 15. Bc1 (15. bxa3 Qxc3+) 15... Bb4 16. Bd2 O-O $1 {Hoping for ...Rad8.} 17. O-O-O {[#]} (17. O-O $15) 17... Bxc3 $1 $17 18. Bxc3 Qxa2 19. b3 Rac8 20. Qxe5 b5 $40 {[%cal Bb7b5,Bb5b4][%mdl 160] aiming for ...b4. Black attacks with force.} 21. g5 {[#]} b4 $1 {[%cal Rb4c3][%mdl 512]} 22. Bb2 {Strongly threatening Qf5.} (22. Bxb4 Rxc2#) 22... Rfe8 23. Qf5 $2 {[%mdl 8192]} (23. Qd4 $17 Qxb3 24. Rd2) 23... Ne4 $19 24. Rd3 Nc3 {( -> ...Qb1+)} 25. Rd7 Qb1+ 26. Kd2 Re2+ {Precision: White = 27%, Black = 95%.} 0-1

[Event "Budapest Spring Festival 2018"]
[Site "Budapest"]
[Date "2018.04.25"]
[Round "8"]
[White "Horvath, Dominik"]
[Black "Vajda, Levente"]
[Result "0-1"]
[WhiteElo "2383"]
[BlackElo "2577"]
[Annotator "TA"]
[PlyCount "96"]
[EventDate "2018.??.??"]
[EventType "swiss"]
[EventCountry "HUN"]
[SourceTitle "playchess.com"]
[Source "ChessBase"]
[SourceQuality "1"]

{[%evp 21,96,41,43,44,43,29,29,29,64,56,56,10,19,0,0,0,0,0,4,16,21,0,0,4,7,-41,-59,-56,-44,-43,-41,-44,-18,-110,-110,-110,-110,-161,-103,-99,-53,-60,-45,-71,-55,-69,-77,-71,-25,-31,0,0,-7,0,0,-117,-123,-114,-65,-68,-57,-166,-162,-189,-180,-412,-387,-481,-490,-1084,-1059,-1200,-1191,-1178,-1167,-29987,-29988]} 1. Nf3 d5 2. c4 c6 3. e3 e6 4. d4 f5 5. b3 Nf6 6. Bd3 Bd6 7. O-O Qe7 8. Bb2 O-O 9. Nc3 {[%cal Bb1c3,Bc3e2,Be2f4][%mdl 32] A84: Dutch Defence: 2 c4 Miscellaneous} (9. Ne5 Bd7 10. Nd2 Be8 11. f3 Bh5 12. Qe1 Nbd7 13. Kh1 Rad8 14. Nxd7 Nxd7 15. e4 dxe4 16. fxe4 f4 {1-0 (43) Bu,X (2710)-Wei,Y (2734) Zaozhuang 2015}) 9... Ne4 10. Ne2 Nd7 11. Rc1 Qf6 {LiveBook: 5 Games} 12. Nf4 a5 13. Qe2 $146 ({Predecessor:} 13. Be2 g5 14. Nd3 g4 15. Nfe5 Qh6 16. Rc2 a4 {½-½ (43) Kragelj,I (2140)-Hiti,D (2244) Slovenia 2016}) 13... Qh6 {...g5 is the strong threat.} 14. Ne5 Nxe5 15. dxe5 Be7 16. f3 Nc5 17. Bb1 b6 18. Kh1 Ba6 19. Rg1 Bg5 20. g3 Rad8 21. Bd4 Nd7 22. Bd3 c5 23. Bc3 d4 24. exd4 Bxf4 25. gxf4 {Strongly threatening d5.} cxd4 26. Bd2 Bb7 27. a3 (27. Rg5 $11) 27... Nc5 $17 28. Rb1 Qh5 29. Rgf1 (29. Rg3 $17 {might work better.}) 29... Qh3 (29... h6 $19 30. b4 axb4 31. Bxb4 Rb8) 30. Rb2 {[#]} Be4 $1 {[%mdl 512]} 31. Bb1 $1 (31. Bxe4 fxe4) 31... Bc6 32. b4 axb4 33. axb4 Na4 $1 $36 {[%cal Ra4b2][%mdl 2048] Keeping White busy.} 34. Rb3 Qh5 35. Bd3 Ra8 36. Qf2 Rfd8 37. Be2 {[#]} b5 $1 {[%mdl 512]} 38. Rd3 (38. cxb5 $11 {was the only way to keep the balance.} Bd5 39. Rd3) 38... Nb2 39. Rxd4 Nxc4 40. Rxd8+ Rxd8 41. Be3 (41. Bc3 $15) 41... Ra8 $19 42. Rd1 h6 43. Rg1 $2 (43. Bc1) 43... Ra3 (43... Nxe3 $2 44. Qxe3 Ra2 45. Rg3 $19) 44. Qg3 {[%csl Gg1][%cal Rg3g7]} g5 45. fxg5 (45. Bd4 $142 Bxf3+ 46. Bxf3 Rxf3 47. Qg2) 45... Nxe3 ({Avoid the trap} 45... Rxe3 $2 46. gxh6+ Qg4 47. Qh4 $18) 46. gxh6+ {[#]} Ng4 $1 47. h3 Qxh6 48. Kg2 Qd2 {Precision: White = 40%, Black = 71%.} 0-1

[Event "Budapest Spring Festival 2018"]
[Site "Budapest"]
[Date "2018.04.25"]
[Round "8"]
[White "Popovics, Adam"]
[Black "Turov, Maxim"]
[Result "0-1"]
[WhiteElo "2380"]
[BlackElo "2610"]
[Annotator "TA"]
[PlyCount "60"]
[EventDate "2018.??.??"]
[EventType "swiss"]
[EventCountry "HUN"]
[SourceTitle "playchess.com"]
[Source "ChessBase"]
[SourceQuality "1"]

{[%evp 13,60,25,16,17,41,42,38,24,22,27,35,41,73,74,62,10,13,-71,-71,-71,-67,-109,-96,-97,-98,-122,-126,-120,-132,-156,-147,-147,-141,-222,-102,-203,-227,-315,-307,-326,-333,-395,-264,-631,-641,-789,-782,-807,-773]} 1. Nf3 Nf6 2. g3 g6 3. Bg2 Bg7 4. O-O O-O 5. d3 d5 6. Nbd2 d4 7. Nb3 {A07: Réti Opening: New York and Capablanca Systems} Nc6 {LiveBook: 19 Games} 8. c3 {[%cal Rb3d4]} dxc3 9. bxc3 {White is slightly better.} Nd5 {[%cal Bf6d5,Bd5b4,Bb4a2][%mdl 32]} 10. c4 Ndb4 11. Bd2 e5 $146 ({Predecessor:} 11... a5 12. a3 Na6 13. Rb1 a4 14. Nc1 Nc5 {½-½ (77) Karjakin,S (2760)-Nepomniachtchi,I (2720) Moscow 2010}) 12. Rb1 e4 13. dxe4 Nxa2 14. Qe1 (14. e5 $14) 14... Qe7 $11 15. Na5 (15. e5 $1 $11) 15... Nxa5 $17 16. Bxa5 b6 ({Of course not} 16... Qxe4 17. Nd2 $15) 17. Bd2 Be6 18. e5 Bxc4 19. Bg5 {[#]} Qe6 $1 20. Qd2 c5 21. Rbd1 Bb3 22. Rb1 a5 {[%cal Ba7a5,Ba5a4,Ba4a3][%mdl 32]} 23. Bf6 (23. Bf4 $17 Rad8 24. Qe3) 23... h6 (23... Bxf6 $19 24. exf6 a4) 24. Ne1 (24. Nh4 $17 Nb4 25. Bxa8 Rxa8 26. Bxg7 Kxg7 27. f4) 24... Ra7 25. Nd3 Bxf6 26. exf6 {[#] Hoping for Rxb3!} a4 27. Qb2 Re8 28. f4 $2 (28. Nf4 Qd6 29. Qa3) 28... c4 $19 {Black is clearly winning.} 29. f5 Qe3+ 30. Nf2 a3 {Precision: White = 30%, Black = 68%.} 0-1